Conditions of competition between U.S. and Mexican fabricated automotive glass in the U.S. market

Sparad:
Bibliografiska uppgifter
Institutionell upphovsman: United States International Trade Commission
Materialtyp: Bok
Språk:Undetermined
Publicerad: Washington, DC USITC Publication 1990
Ämnen:
Taggar: Lägg till en tagg
Inga taggar, Lägg till första taggen!
Thư viện lưu trữ: Trung tâm Học liệu Trường Đại học Cần Thơ
LEADER 00636nam a2200193Ia 4500
001 CTU_84491
008 210402s9999 xx 000 0 und d
082 |a 629.2 
082 |b U58 
110 |a United States International Trade Commission 
245 0 |a Conditions of competition between U.S. and Mexican fabricated automotive glass in the U.S. market 
245 0 |c United States International Trade Commission 
260 |a Washington, DC 
260 |b USITC Publication 
260 |c 1990 
650 |a Automobiles 
650 |x Safety glass 
904 |i Qhieu(sửa) 
980 |a Trung tâm Học liệu Trường Đại học Cần Thơ